000 02432cam a22004814i 4500
003 PE-LiUPU
005 20250731173450.0
008 150616s1993 flu r 000 0 spa d
035 _a(Sirsi) a6370
040 _aPE-LiUPU
_bspa
_cPE-LiUPU
_erda
049 _aPRUA
082 0 4 _b
_221
100 1 _aGodwin, David E.,
_eautor.
245 1 0 _aMétodos para Fundar Iglesias; Un material internacional de campañas para fundar iglesias /
_cDavid E. Godwin.
264 1 _aFlorida :
_bEditorial Vida,
_c1993.
300 _a164 páginas ;
_c21 centímetros
336 _atext
_2rdacontent
337 _aunmediated
_2rdamedia
338 _avolume
_2rdacarrier
505 0 _aUn romance con el planeta tierra -- Esparcir la semilla, o sembrarla? -- Imaginemos la iglesia que queremos fundar -- Dónde empieza realmente la fundación de una iglesia -- Cómo presentar la campaña a una ciudad no evangelizada -- Cómo predicar a los que no han oído el evangelio -- Por qué debe ejercer el ministerio de sanidad todo fundador de iglesias -- Cómo orar por los enfermos cuado no se tiene el don de sanidad -- Problemas especiales al orar por los enfermos. Cuando la sanidad se demora -- La iglesia no es el edificio -- Presentación y desarrollo de la mayordomía en la nueva congregación.
526 _aSEG42
526 _aSEG41
526 _aSEG40
526 _aSEG39
526 _aP94
526 _aP87
526 _aP86
526 _aP85
526 _aP77
526 _aP76
526 _aP35
650 0 4 _aIgelsias - Métodos - Fundación.
910 _ajck
_bjvq
_cjck
942 _2ddc
_cBOOK
949 _a286.73 G72
_wDEWEY
_c1
_i39586
_lCCODEBUL1
_mBUL
_p00.00
_r0
_sY
_tBOOK
_u2015-04-23
_xBIBLIOTECA
_zUNKNOWN
_0COMPRA
_o.STAFF. Colección General
949 _a286.73 G72
_wDEWEY
_c2
_i39585
_lCCODEBUL1
_mBUL
_p00.00
_r0
_sY
_tBOOK
_u19950912
_xTEOLOGIA
_zUNKNOWN
_0COMPRA
_o.STAFF. Colección General
994 _aC0
_bPEPRU
596 _a1
999 _a286.73 G72
_wDEWEY
_c57496
_i39586
_d57496
_f2021-11-11
_g6
_lCCODEBUL1
_mBUL
_q1
_r0
_sY
_tBOOK
_u2015-4-23
_xTEOLOGIA
_zUNKNOWN
_0COMPRA
_o.STAFF. Colección General
999 _a286.73 G72
_wDEWEY
_c2
_i39585
_d2016-6-15
_e2016-6-15
_f2021-11-11
_g6
_lCCODEBUL1
_mBUL
_n1
_p49.98
_r0
_sY
_tBOOK
_u2015-6-16
_xTEOLOGIA
_PP35
_0COMPRA
_o.STAFF. Colección Teología
980 _81
_gALBERTO SANCHEZ Responsable de Automatización